Repairing damaged wildlands (Record no. 26780)
[ view plain ]
| 000 -LEADER | |
|---|---|
| fixed length control field | 01496nam a22003494a 4500 |
| 082 04 - DEWEY DECIMAL CLASSIFICATION NUMBER | |
| Classification number | 333.7/153 |
| 100 1# - MAIN ENTRY--AUTHOR NAME | |
| Personal name | Whisenant, Steven G. |
| 245 10 - TITLE STATEMENT | |
| Title | Repairing damaged wildlands |
| 260 ## - PUBLICATION, DISTRIBUTION, ETC. (IMPRINT) | |
| Place of publication | Cambridge, UK ; |
| -- | New York, NY, USA : |
| Name of publisher | Cambridge University Press, |
| Year of publication | 1999. |
| 300 ## - PHYSICAL DESCRIPTION | |
| Number of Pages | xii, 312 p. : |
| Other physical details | ill. |
| 490 1# - SERIES STATEMENT | |
| Series statement | Biological conservation, restoration, and sustainability ; |
| 650 #0 - SUBJECT ADDED ENTRY--TOPICAL TERM | |
| Topical Term | Restoration ecology. |
| Topical Term | Conservation biology. |
| Topical Term | Range management. |
| 856 40 - ELECTRONIC LOCATION AND ACCESS | |
| Uniform Resource Identifier | http://site.ebrary.com/lib/rucke/Doc?id=10014899 |
No items available.
